[Event "4th GRENKE Open 2019"]
[Site "Karlsruhe"]
[Date "2019.04.21"]
[Round "7.62"]
[White "Neukirchner, Pascal"]
[Black "Swayams, Mishra"]
[Result "1/2-1/2"]
[WhiteElo "2307"]
[BlackElo "2478"]
[Annotator "TA"]
[PlyCount "38"]
[EventDate "2019.04.18"]
[EventType "swiss"]
[EventCountry "GER"]
[SourceTitle "playchess.com"]
[Source "ChessBase"]
[SourceQuality "1"]

1. d4 Nf6 2. c4 e6 3. g3 c5 4. d5 exd5 5. cxd5 d6 6. Nc3 g6 7. Nf3 Bg7 8. Bg2 O-O 9. O-O Re8 10. Bf4 Bf5 11. Nh4 Bg4 12. h3 Nh5 13. hxg4 Nxf4 14. gxf4 Qxh4 15. e3 Nd7 16. Nb5 Red8 17. g5 h6 18. gxh6 Nf6 19. Bf3 Qxh6 1/2-1/2

[Event "4th GRENKE Open 2019"]
[Site "Karlsruhe"]
[Date "2019.04.21"]
[Round "7.63"]
[White "Lubbe, Nikolas"]
[Black "Kathmale, Sameer"]
[Result "1/2-1/2"]
[WhiteElo "2452"]
[BlackElo "2279"]
[Annotator "ChessBase"]
[PlyCount "104"]
[EventDate "2019.04.18"]
[EventType "swiss"]
[EventCountry "GER"]
[SourceTitle "playchess.com"]
[Source "ChessBase"]
[SourceQuality "1"]

1. d4 Nf6 2. Nf3 g6 3. Nc3 d5 4. Bf4 Bg7 5. Nb5 Na6 6. e3 c6 7. Nc3 Nc7 8. h3 O-O 9. Be2 h6 10. O-O Ne6 11. Bh2 Ng5 12. Ne5 Nge4 13. Nxe4 Nxe4 14. c4 Kh7 15. f3 Nf6 16. cxd5 Nxd5 17. Qd2 f6 18. Nd3 e5 19. e4 Nc7 20. dxe5 Qd4+ 21. Kh1 fxe5 22. Rad1 Re8 23. Qc1 Qa4 24. a3 Nb5 25. Nc5 Qa5 26. f4 exf4 27. Bxf4 Nc3 28. bxc3 Qxc5 29. c4 Be6 30. Bd6 Qg5 31. Qxg5 hxg5 32. c5 b5 33. e5 a5 34. Bf3 Ra6 35. Rfe1 b4 36. axb4 axb4 37. Rd4 b3 38. Rb4 Rea8 39. Kh2 Ra1 40. Re3 R8a4 41. Rbxb3 Bxb3 42. Rxb3 Re1 43. Rb7 Kh6 44. Bxc6 Ra3 45. Rxg7 Kxg7 46. Bd7 Rc3 47. c6 Rc2 48. c7 Ree2 49. Kg3 Re3+ 50. Kh2 Ree2 51. Kg3 Rc3+ 52. Kh2 Rcc2 1/2-1/2

[Event "4th GRENKE Open 2019"]
[Site "Karlsruhe"]
[Date "2019.04.21"]
[Round "7.64"]
[White "Moucheroud, Jeremy"]
[Black "Mesaros, Florian"]
[Result "1-0"]
[WhiteElo "2294"]
[BlackElo "2447"]
[Annotator "NA"]
[PlyCount "97"]
[EventDate "2019.04.18"]
[EventType "swiss"]
[EventCountry "GER"]
[SourceTitle "playchess.com"]
[Source "ChessBase"]
[SourceQuality "1"]

1. e4 e5 2. Nf3 Nc6 3. Bb5 a6 4. Ba4 Nf6 5. Qe2 Be7 6. O-O b5 7. Bb3 O-O 8. c3 d5 9. d3 Re8 10. Re1 d4 11. cxd4 Nxd4 12. Nxd4 Qxd4 13. Be3 Qd6 14. Nd2 Ng4 15. Rac1 Nxe3 16. fxe3 c6 17. Nf3 Bg4 18. Qf2 Bf6 19. Red1 h6 20. Rd2 a5 21. a3 a4 22. Ba2 Be6 23. Bb1 Bd8 24. Qg3 Bc7 25. Nh4 Rad8 26. Rdc2 Qxd3 27. Rxc6 Qd1+ 28. Rxd1 Rxd1+ 29. Kf2 Ba5 30. Nf3 Rxb1 31. Qxe5 Bd7 32. Qxb5 Bxc6 33. Qxc6 Rxb2+ 34. Kg3 Reb8 35. Qxa4 Ra8 36. Qd7 Rc2 37. e5 Rc7 38. Qd5 Ra6 39. Kh3 Kh7 40. e6 Raa7 41. exf7 Rxf7 42. Ne5 Rf5 43. Qe4 g6 44. Nxg6 Kxg6 45. g4 Raf7 46. gxf5+ Rxf5 47. Qe6+ Kg5 48. e4 Rb5 49. a4 1-0

[Event "4th GRENKE Open 2019"]
[Site "Karlsruhe"]
[Date "2019.04.21"]
[Round "7.65"]
[White "Pfrommer, Christoph"]
[Black "Froewis, Georg"]
[Result "0-1"]
[WhiteElo "2296"]
[BlackElo "2438"]
[Annotator "NA"]
[PlyCount "124"]
[EventDate "2019.04.18"]
[EventType "swiss"]
[EventCountry "GER"]
[SourceTitle "playchess.com"]
[Source "ChessBase"]
[SourceQuality "1"]

1. Nf3 d5 2. g3 Bg4 3. Bg2 Nd7 4. d4 e6 5. O-O Ngf6 6. Nbd2 c6 7. Re1 Be7 8. e4 O-O 9. c3 Bh5 10. h4 Qb6 11. Qb3 Bg6 12. Qxb6 axb6 13. exd5 Nxd5 14. Nc4 b5 15. Nce5 N7b6 16. Bd2 Na4 17. Nxg6 hxg6 18. Rab1 Rfd8 19. a3 Nab6 20. Bg5 Nc4 21. Bxe7 Nxe7 22. Ne5 Nxe5 23. Rxe5 Nf5 24. Be4 Ne7 25. Bc2 Nd5 26. Bb3 Nb6 27. Rbe1 Kf8 28. h5 gxh5 29. Rxh5 g6 30. Rh7 Kg8 31. Rh4 Kg7 32. Kg2 Rh8 33. Reh1 Rxh4 34. Rxh4 Re8 35. Re4 Kf6 36. Rf4+ Ke7 37. Rh4 Nc8 38. Bc2 Nd6 39. Bd3 Kd7 40. Rh7 Rg8 41. g4 g5 42. Kg3 Ke7 43. f4 Ne8 44. fxg5 Rxg5 45. Kf4 Rg7 46. Rh8 f6 47. Bc2 Nd6 48. Bd3 Nf7 49. Rh2 Rg5 50. Rh7 Kf8 51. Bc2 Kg8 52. Rh2 Rg7 53. a4 bxa4 54. Bxa4 Ng5 55. Rh6 Rf7 56. Bb3 Kg7 57. Rh1 Rd7 58. Re1 Kf7 59. Ra1 Ke7 60. Rh1 Rd8 61. Rh2 c5 62. dxc5 Rd3 0-1

[Event "4th GRENKE Open 2019"]
[Site "Karlsruhe"]
[Date "2019.04.21"]
[Round "7.66"]
[White "Carlstedt, Jonathan"]
[Black "Agrest, Inna"]
[Result "0-1"]
[WhiteElo "2433"]
[BlackElo "2276"]
[Annotator "NA"]
[PlyCount "170"]
[EventDate "2019.04.18"]
[EventType "swiss"]
[EventCountry "GER"]
[SourceTitle "playchess.com"]
[Source "ChessBase"]
[SourceQuality "1"]

1. d4 Nf6 2. Bf4 g6 3. Nd2 d5 4. e3 Bg7 5. Be2 O-O 6. h4 h5 7. Ngf3 c5 8. c3 Nc6 9. Ne5 Ne4 10. Ndf3 Qb6 11. Qb3 c4 12. Qxb6 axb6 13. Nxc6 bxc6 14. Ne5 c5 15. f3 Nf6 16. g4 cxd4 17. exd4 b5 18. Kf2 Ra6 19. Ke3 Be6 20. a3 Rfa8 21. Rag1 Kf8 22. Bd1 b4 23. axb4 Ra2 24. Rh2 Ra1 25. Rd2 Rb1 26. b5 Ra5 27. b6 Rb5 28. g5 Ne8 29. b4 Ra1 30. Kf2 Rxb6 31. Re1 Ra3 32. Rc2 Bf5 33. Rc1 f6 34. Ng4 hxg4 35. fxg4 Be4 36. Bf3 Bxf3 37. Kxf3 Rxb4 38. h5 Rbb3 39. Re3 gxh5 40. gxh5 fxg5 41. Bxg5 Nf6 42. h6 Bh8 43. Kf4 Ne4 44. Bh4 Rxc3 45. Rexc3 Nxc3 46. Rf1 Ne4 47. Kg4+ Nf6+ 48. Kf5 Kf7 49. Bg5 Ra2 50. Rf3 Re2 51. Bf4 Re4 52. Ra3 e6+ 53. Kg5 Nh7+ 54. Kg4 Bxd4 55. Kf3 c3 56. Rb3 c2 57. Rb7+ Kg6 58. Rc7 Ng5+ 59. Kg3 Re2 60. Kh4 Ne4 61. h7 Nf2 62. Bg5 Re4+ 63. Kg3 Kxg5 64. Rxc2 Ng4 65. Rd2 Be5+ 66. Kg2 d4 67. Ra2 Ne3+ 68. Kf3 Rf4+ 69. Ke2 Rh4 70. Ra7 Kg6 71. Re7 Kf6 72. Ra7 Nd5 73. Kd3 Kg6 74. Ra1 Rxh7 75. Ke4 Rh5 76. Rg1+ Kf6 77. Rg8 Nc3+ 78. Kf3 Rh3+ 79. Kg2 Rg3+ 80. Kh1 Ne4 81. Rf8+ Ke7 82. Rf1 d3 83. Ra1 d2 84. Ra7+ Kf6 85. Kh2 Ra3+ 0-1

[Event "4th GRENKE Open 2019"]
[Site "Karlsruhe"]
[Date "2019.04.21"]
[Round "7.67"]
[White "Ronka, Erik"]
[Black "Kurmann, Oliver"]
[Result "0-1"]
[WhiteElo "2288"]
[BlackElo "2433"]
[Annotator "NA"]
[PlyCount "128"]
[EventDate "2019.04.18"]
[EventType "swiss"]
[EventCountry "GER"]
[SourceTitle "playchess.com"]
[Source "ChessBase"]
[SourceQuality "1"]

1. e4 c5 2. Nf3 e6 3. g3 Nc6 4. Bg2 Nf6 5. Qe2 e5 6. O-O Be7 7. c3 O-O 8. Na3 Re8 9. d3 h6 10. Nc4 Bf8 11. a4 g6 12. Re1 d6 13. Rb1 a6 14. Nfd2 Be6 15. Ne3 d5 16. exd5 Nxd5 17. Ne4 Kh8 18. Nxd5 Bxd5 19. c4 Nd4 20. Qd1 Bc6 21. Nc3 Bg7 22. b3 f5 23. Nd5 Ne6 24. Bb2 Qd6 25. Qc2 Rad8 26. Re2 Bxd5 27. Bxd5 Nc7 28. Bxb7 Qxd3 29. Qxd3 Rxd3 30. Ba3 Rb8 31. Bg2 Rbxb3 32. Rxb3 Rxb3 33. Bxc5 Ne6 34. Ba7 e4 35. h4 Bd4 36. Bxd4+ Nxd4 37. Rd2 Rd3 38. Rb2 Nb3 39. Bf1 Rc3 40. Be2 Kg7 41. Kg2 g5 42. Bd1 Nc5 43. Rb6 g4 44. Rc6 Nd3 45. Kf1 Rc1 46. Ke2 Nxf2 47. Kxf2 Rxd1 48. Rxa6 Rd2+ 49. Kf1 Kf7 50. c5 e3 51. h5 f4 52. gxf4 g3 53. Rg6 Rf2+ 54. Ke1 g2 55. a5 Rf1+ 56. Ke2 g1=Q 57. Rxg1 Rxg1 58. Kxe3 Ra1 59. Ke4 Ke6 60. f5+ Kf6 61. Kd5 Rxa5 62. Kd6 Kxf5 63. c6 Kg5 64. c7 Ra8 0-1

[Event "4th GRENKE Open 2019"]
[Site "Karlsruhe"]
[Date "2019.04.21"]
[Round "7.68"]
[White "Ginsburg, Gennadi"]
[Black "Barzen, Pascal"]
[Result "1-0"]
[WhiteElo "2430"]
[BlackElo "2278"]
[Annotator "NA"]
[PlyCount "152"]
[EventDate "2019.04.18"]
[EventType "swiss"]
[EventCountry "GER"]
[SourceTitle "playchess.com"]
[Source "ChessBase"]
[SourceQuality "1"]

1. e4 c6 2. d4 d5 3. Nd2 dxe4 4. Nxe4 Nd7 5. Ng5 Ngf6 6. Bd3 e6 7. N1f3 Bd6 8. Qe2 h6 9. Ne4 Nxe4 10. Qxe4 Qc7 11. Bd2 c5 12. c3 Nf6 13. Qe2 b6 14. Ne5 Bb7 15. O-O O-O 16. Rfe1 Rfd8 17. Rad1 Bf8 18. Qe3 cxd4 19. cxd4 Qd6 20. Qg3 Qd5 21. b3 Rac8 22. Bc4 Rxc4 23. bxc4 Qxd4 24. Qc3 Qd6 25. f3 Qc7 26. Bc1 a5 27. a3 Ne8 28. Rxd8 Qxd8 29. Be3 Qc7 30. Qb2 Bc5 31. Bxc5 Qxc5+ 32. Qf2 Qd6 33. Qe3 f6 34. Nd3 e5 35. Rb1 Qxa3 36. Rxb6 Bc8 37. Rb8 Bd7 38. Rd8 Qe7 39. Ra8 Qa3 40. Rd8 Qe7 41. Qb6 Kh7 42. Nc5 Bf5 43. Ne4 a4 44. Rd3 Qf7 45. Qa6 Be6 46. Qxa4 Bxc4 47. Rd8 f5 48. Qxe8 fxe4 49. Qxf7 Bxf7 50. fxe4 Bg6 51. Kf2 Bxe4 52. Re8 Bd3 53. Rxe5 Bc2 54. Ke3 Bg6 55. Kf4 Bd3 56. h4 Bc2 57. g4 Bd3 58. Re6 Bc2 59. Ke5 Bd1 60. g5 hxg5 61. hxg5 Bc2 62. Rc6 Bd3 63. Rc3 Bb1 64. Kf4 Kg6 65. Rc6+ Kh7 66. Ke5 Bd3 67. Rd6 Bc2 68. Kd4 Bb1 69. Kc5 Ba2 70. Kc6 Kg8 71. g6 Kh8 72. Kd7 Bb3 73. Ke7 Ba2 74. Kf8 Bb1 75. Ke7 Ba2 76. Rd2 Bb1 1-0

[Event "4th GRENKE Open 2019"]
[Site "Karlsruhe"]
[Date "2019.04.21"]
[Round "7.69"]
[White "Gilevych, Artem"]
[Black "Ragger, Anna-Christina"]
[Result "1/2-1/2"]
[WhiteElo "2423"]
[BlackElo "2270"]
[Annotator "NA"]
[PlyCount "69"]
[EventDate "2019.04.18"]
[EventType "swiss"]
[EventCountry "GER"]
[SourceTitle "playchess.com"]
[Source "ChessBase"]
[SourceQuality "1"]

1. d4 Nf6 2. c4 g6 3. Nc3 d5 4. e3 Bg7 5. Qb3 c6 6. Nf3 O-O 7. Bd2 a6 8. a4 a5 9. Rc1 e6 10. Bd3 Na6 11. O-O Nb4 12. Bb1 b6 13. cxd5 exd5 14. e4 Ba6 15. Rfe1 Bc4 16. Qd1 dxe4 17. Nxe4 Bd5 18. Bg5 Bxe4 19. Bxe4 h6 20. Bxf6 Qxf6 21. Ne5 Rad8 22. Bxc6 Nxc6 23. Rxc6 Qf4 24. g3 Qxd4 25. Qxd4 Rxd4 26. Nc4 Rb8 27. Rc7 Bf8 28. Re2 Bc5 29. b3 Rd5 30. Rc2 Bb4 31. Rc6 b5 32. Ne3 Rdd8 33. axb5 Rxb5 34. Rc8 Rxc8 35. Rxc8+ 1/2-1/2

[Event "4th GRENKE Open 2019"]
[Site "Karlsruhe"]
[Date "2019.04.21"]
[Round "7.70"]
[White "Stein, Robert"]
[Black "Cukrowski, Filip"]
[Result "1-0"]
[WhiteElo "2287"]
[BlackElo "2421"]
[Annotator "NA"]
[PlyCount "89"]
[EventDate "2019.04.18"]
[EventType "swiss"]
[EventCountry "GER"]
[SourceTitle "playchess.com"]
[Source "ChessBase"]
[SourceQuality "1"]

1. d4 Nf6 2. c4 e6 3. g3 Bb4+ 4. Bd2 Bxd2+ 5. Qxd2 d6 6. Nf3 Nc6 7. Nc3 O-O 8. Rd1 Qe7 9. Bg2 Bd7 10. O-O Rad8 11. e4 e5 12. h3 a6 13. Rfe1 Rfe8 14. Nd5 Nxd5 15. exd5 Nb8 16. dxe5 dxe5 17. Nxe5 Qd6 18. Qc3 b6 19. b4 Ba4 20. Rc1 Nd7 21. Nxd7 Qxd7 22. c5 Bb5 23. Qd4 bxc5 24. Rxe8+ Rxe8 25. bxc5 Kf8 26. a4 Be2 27. d6 cxd6 28. cxd6 Rd8 29. Rc6 h5 30. Kh2 Kg8 31. Rc5 Qa7 32. Qh4 f6 33. Rc2 Qxf2 34. Qe4 h4 35. gxh4 Qb6 36. Rxe2 Qxd6+ 37. Kh1 Qg3 38. Re1 Kh8 39. Rb1 a5 40. Qe7 Rc8 41. Qd7 Qc3 42. Qf5 Kg8 43. Bd5+ Kf8 44. Qe6 Qc7 45. Re1 1-0

[Event "4th GRENKE Open 2019"]
[Site "Karlsruhe"]
[Date "2019.04.21"]
[Round "7.71"]
[White "Kopylov, Michael"]
[Black "Hecht, Carsten"]
[Result "1-0"]
[WhiteElo "2414"]
[BlackElo "2273"]
[Annotator "NA"]
[PlyCount "69"]
[EventDate "2019.04.18"]
[EventType "swiss"]
[EventCountry "GER"]
[SourceTitle "playchess.com"]
[Source "ChessBase"]
[SourceQuality "1"]

1. d4 Nf6 2. c4 g6 3. g3 c6 4. Bg2 d5 5. Nf3 Bg7 6. cxd5 cxd5 7. Ne5 Ne4 8. O-O O-O 9. f3 Nf6 10. Nc3 b6 11. Bg5 Bb7 12. Rc1 Nc6 13. f4 Rc8 14. Bxf6 exf6 15. Nxc6 Rxc6 16. Qb3 f5 17. e3 Rd6 18. Nb5 Re6 19. Kf2 a6 20. Nc7 Rd6 21. a4 Qd7 22. a5 b5 23. Rc5 Rd8 24. Rfc1 Bf8 25. Nxb5 axb5 26. Rc7 Qe6 27. Rxb7 Rc6 28. Rxc6 Qxc6 29. Rb6 Qc1 30. Qc3 Qd1 31. Bf3 Qa4 32. Rb7 Re8 33. Bxd5 Re7 34. Rb8 Qd1 35. Bf3 1-0

[Event "4th GRENKE Open 2019"]
[Site "Karlsruhe"]
[Date "2019.04.21"]
[Round "7.72"]
[White "Gokerkan, Cem Kaan"]
[Black "Lavrinenkov, Vadim"]
[Result "1/2-1/2"]
[WhiteElo "2413"]
[BlackElo "2256"]
[Annotator "NA"]
[PlyCount "42"]
[EventDate "2019.04.18"]
[EventType "swiss"]
[EventCountry "GER"]
[SourceTitle "playchess.com"]
[Source "ChessBase"]
[SourceQuality "1"]

1. e4 c5 2. Nf3 Nc6 3. c3 e6 4. d4 d5 5. exd5 exd5 6. Bb5 Nf6 7. O-O cxd4 8. Nxd4 Bd7 9. Re1+ Be7 10. Bxc6 bxc6 11. Qe2 c5 12. Nb5 O-O 13. Qxe7 Qxe7 14. Rxe7 Bxb5 15. Na3 Rfe8 16. Rxe8+ Bxe8 17. Bf4 Bd7 18. Re1 Be6 19. Nb5 Ne8 20. h3 a6 21. Nd6 Nxd6 1/2-1/2

[Event "4th GRENKE Open 2019"]
[Site "Karlsruhe"]
[Date "2019.04.21"]
[Round "7.73"]
[White "Thinius, Marco"]
[Black "Kristensen, Kaare Hove"]
[Result "1-0"]
[WhiteElo "2406"]
[BlackElo "2259"]
[Annotator "NA"]
[PlyCount "63"]
[EventDate "2019.04.18"]
[EventType "swiss"]
[EventCountry "GER"]
[SourceTitle "playchess.com"]
[Source "ChessBase"]
[SourceQuality "1"]

1. Nf3 d5 2. g3 Nf6 3. Bg2 e6 4. O-O Be7 5. c4 O-O 6. d4 c5 7. dxc5 Bxc5 8. a3 dxc4 9. Qc2 Qe7 10. Qxc4 a6 11. b4 Ba7 12. Bb2 b5 13. Qc2 Nd5 14. Nc3 Bb7 15. Nxd5 Bxd5 16. Rac1 Nd7 17. Qc7 Bb6 18. Qc3 f6 19. Rfd1 Ra7 20. Qd2 Rd8 21. Bd4 Raa8 22. Qe3 Bxd4 23. Nxd4 Bxg2 24. Kxg2 Ne5 25. Qe4 Re8 26. Nb3 Nc4 27. Nc5 Rad8 28. Nxa6 Nxa3 29. Qc6 Kf7 30. Nc7 Rc8 31. Rd7 Nc4 32. Qxe6+ 1-0

[Event "4th GRENKE Open 2019"]
[Site "Karlsruhe"]
[Date "2019.04.21"]
[Round "7.74"]
[White "Ertan, Can"]
[Black "Poeck, Ole"]
[Result "1-0"]
[WhiteElo "2404"]
[BlackElo "2254"]
[Annotator "NA"]
[PlyCount "79"]
[EventDate "2019.04.18"]
[EventType "swiss"]
[EventCountry "GER"]
[SourceTitle "playchess.com"]
[Source "ChessBase"]
[SourceQuality "1"]

1. e4 e5 2. Nf3 Nc6 3. Bb5 Nf6 4. O-O Nxe4 5. Re1 Nd6 6. Nxe5 Be7 7. Bf1 Nxe5 8. Rxe5 O-O 9. d4 Bf6 10. Re1 Re8 11. Bf4 Rxe1 12. Qxe1 Bxd4 13. c3 Bf6 14. Bxd6 cxd6 15. Na3 d5 16. Nb5 d6 17. Nc7 Rb8 18. Nxd5 Be6 19. Rd1 Be7 20. Qe3 Ra8 21. g3 Bf8 22. Qd4 Qa5 23. Bc4 Rc8 24. b4 Qd8 25. Bb3 b6 26. h4 Qd7 27. Rd3 Re8 28. Rf3 Kh8 29. Kh2 Qc6 30. h5 h6 31. Rf4 Qb7 32. Qd3 f5 33. Ne3 Bxb3 34. axb3 Qf7 35. Rxf5 Qxb3 36. Nd5 Kg8 37. Qf3 Kh7 38. Rf7 Rd8 39. Qf5+ Kg8 40. Rxf8+ 1-0

[Event "4th GRENKE Open 2019"]
[Site "Karlsruhe"]
[Date "2019.04.21"]
[Round "7.75"]
[White "Baskin, Robert"]
[Black "Laiz Ibanez, Hector"]
[Result "1-0"]
[WhiteElo "2394"]
[BlackElo "2251"]
[Annotator "NA"]
[PlyCount "63"]
[EventDate "2019.04.18"]
[EventType "swiss"]
[EventCountry "GER"]
[SourceTitle "playchess.com"]
[Source "ChessBase"]
[SourceQuality "1"]

1. e4 e6 2. d4 d5 3. e5 c5 4. c3 Nc6 5. Nf3 Bd7 6. Be2 f6 7. O-O fxe5 8. Nxe5 Nxe5 9. dxe5 Ne7 10. Re1 Nc6 11. c4 d4 12. Bd3 g6 13. Nd2 Qc7 14. Ne4 O-O-O 15. Bg5 Re8 16. Bf6 Rg8 17. f4 Kb8 18. a3 Rc8 19. Rb1 Ka8 20. Re2 h6 21. b4 cxb4 22. c5 bxa3 23. Nd6 Rb8 24. Qc1 Bxd6 25. exd6 Qa5 26. Ra2 Qc3 27. Qxc3 dxc3 28. Rxa3 Rbf8 29. Be5 Nxe5 30. fxe5 Rf4 31. Rba1 a6 32. Bxa6 1-0

[Event "4th GRENKE Open 2019"]
[Site "Karlsruhe"]
[Date "2019.04.21"]
[Round "7.76"]
[White "Schmidek, Emil"]
[Black "Groetzbach, Julian"]
[Result "1-0"]
[WhiteElo "2393"]
[BlackElo "2250"]
[Annotator "NA"]
[PlyCount "51"]
[EventDate "2019.04.18"]
[EventType "swiss"]
[EventCountry "GER"]
[SourceTitle "playchess.com"]
[Source "ChessBase"]
[SourceQuality "1"]

1. e4 c5 2. Nf3 e6 3. d4 cxd4 4. Nxd4 Nc6 5. Nc3 Qc7 6. Nb3 Nf6 7. Bd3 a6 8. f4 d6 9. Qf3 Be7 10. O-O h5 11. a4 b6 12. Bd2 Bb7 13. Qe2 Nd7 14. Bc4 Bf6 15. e5 dxe5 16. f5 exf5 17. Nd5 Qd6 18. Rxf5 Nd4 19. Nxf6+ gxf6 20. Nxd4 Qxd4+ 21. Rf2 Rg8 22. Be3 Qg4 23. Rd1 Rc8 24. Bxf7+ Ke7 25. Bxg8 Rxg8 26. Qd2 1-0

[Event "4th GRENKE Open 2019"]
[Site "Karlsruhe"]
[Date "2019.04.21"]
[Round "7.77"]
[White "Hacker, Jonas"]
[Black "Schmitzer, Klaus"]
[Result "1-0"]
[WhiteElo "2392"]
[BlackElo "2245"]
[Annotator "NA"]
[PlyCount "51"]
[EventDate "2019.04.18"]
[EventType "swiss"]
[EventCountry "GER"]
[SourceTitle "playchess.com"]
[Source "ChessBase"]
[SourceQuality "1"]

1. e4 c6 2. d4 d5 3. Nd2 dxe4 4. Nxe4 Nf6 5. Nxf6+ gxf6 6. Nf3 Bg4 7. Be2 Qc7 8. Be3 Nd7 9. Nh4 Bxe2 10. Qxe2 Qa5+ 11. c3 e6 12. O-O Rg8 13. c4 Be7 14. Bd2 Qb6 15. d5 Qxb2 16. dxe6 Ne5 17. exf7+ Kxf7 18. Rab1 Qxa2 19. Rxb7 Rae8 20. Qh5+ Ng6 21. Bb4 Qxc4 22. Bxe7 Rxe7 23. Rxe7+ Kxe7 24. Qxh7+ Qf7 25. Nf5+ Ke6 26. Qxf7+ 1-0

[Event "4th GRENKE Open 2019"]
[Site "Karlsruhe"]
[Date "2019.04.21"]
[Round "7.78"]
[White "Paltrinieri, Nicholas"]
[Black "Ondersteijn, Niels"]
[Result "0-1"]
[WhiteElo "2276"]
[BlackElo "2390"]
[Annotator "NA"]
[PlyCount "96"]
[EventDate "2019.04.18"]
[EventType "swiss"]
[EventCountry "GER"]
[SourceTitle "playchess.com"]
[Source "ChessBase"]
[SourceQuality "1"]

1. d4 Nf6 2. Bg5 c5 3. Nc3 Qa5 4. Bxf6 gxf6 5. d5 f5 6. e3 Bg7 7. Nge2 d6 8. g3 Nd7 9. Bg2 Nb6 10. O-O Nc4 11. Rb1 Nxb2 12. Rxb2 Bxc3 13. Nxc3 Qxc3 14. Rb3 Qf6 15. Re1 h5 16. h4 c4 17. Rb4 Qc3 18. Qa1 Qxb4 19. Qxh8+ Kd7 20. Rd1 Kc7 21. Bh3 f4 22. exf4 Bg4 23. Qxa8 Bxd1 24. Qc8+ Kb6 25. Bf1 Bxc2 26. a3 Qc5 27. Qd8+ Ka6 28. Qxe7 b5 29. Qxf7 c3 30. Qe8 Be4 31. Bxb5+ Kb6 32. Qb8+ Ka5 33. Qb7 Qb6 34. Qc8 Kxb5 35. Qe8+ Kc4 36. Qxe4+ Qd4 37. Qc2 Qd2 38. Qa4+ Kd3 39. Qb5+ Kc2 40. f5 Qe1+ 41. Kg2 Qe4+ 42. f3 Qxf5 43. Qe2+ Kc1 44. Qf1+ Kb2 45. Qb5+ Ka1 46. Qb3 Qd3 47. a4 Qe2+ 48. Kg1 Qb2 0-1

[Event "4th GRENKE Open 2019"]
[Site "Karlsruhe"]
[Date "2019.04.21"]
[Round "7.79"]
[White "Alok Sinha"]
[Black "Ashwath, R.."]
[Result "1/2-1/2"]
[WhiteElo "2271"]
[BlackElo "2388"]
[Annotator "NA"]
[PlyCount "46"]
[EventDate "2019.04.18"]
[EventType "swiss"]
[EventCountry "GER"]
[SourceTitle "playchess.com"]
[Source "ChessBase"]
[SourceQuality "1"]

1. Nf3 d5 2. b3 Nf6 3. Bb2 c5 4. e3 Nc6 5. Bb5 Bd7 6. O-O g6 7. d4 cxd4 8. exd4 Bg7 9. Nbd2 O-O 10. a3 Rc8 11. Re1 a6 12. Bf1 Bf5 13. c4 Ne4 14. cxd5 Nxd2 15. Qxd2 Na5 16. Rac1 Qxd5 17. Qb4 Bf6 18. Bc4 Nxc4 19. bxc4 Qd6 20. Qd2 Rfd8 21. Qh6 Bg7 22. Qe3 Rc7 23. Ne5 Bxe5 1/2-1/2

[Event "4th GRENKE Open 2019"]
[Site "Karlsruhe"]
[Date "2019.04.21"]
[Round "7.80"]
[White "Chittka, Julius"]
[Black "Bronstein, Or"]
[Result "1-0"]
[WhiteElo "2268"]
[BlackElo "2387"]
[Annotator "NA"]
[PlyCount "75"]
[EventDate "2019.04.18"]
[EventType "swiss"]
[EventCountry "GER"]
[SourceTitle "playchess.com"]
[Source "ChessBase"]
[SourceQuality "1"]

1. d4 Nf6 2. c4 g6 3. Nc3 d5 4. Nf3 Bg7 5. h4 dxc4 6. e4 c5 7. d5 b5 8. h5 O-O 9. hxg6 fxg6 10. Rh4 a6 11. Bg5 Qe8 12. e5 Nfd7 13. d6 e6 14. Nd5 Bb7 15. Ne7+ Kh8 16. Bd3 cxd3 17. Rxh7+ Kxh7 18. Kd2 Qxe7 19. dxe7 Re8 20. Qh1+ Kg8 21. Qh4 Bxf3 22. gxf3 Nxe5 23. Qh3 Kf7 24. Re1 Nbc6 25. f4 Rh8 26. Qg2 Rh2 27. Qg3 Nc4+ 28. Kxd3 Nxb2+ 29. Kc2 Rah8 30. f5 Be5 31. fxg6+ Ke8 32. Rxe5 Nb4+ 33. Kxb2 Rxf2+ 34. Kb3 Rhh2 35. Qxh2 Rxh2 36. g7 Rh3+ 37. Re3 c4+ 38. Kxb4 1-0

[Event "4th GRENKE Open 2019"]
[Site "Karlsruhe"]
[Date "2019.04.21"]
[Round "7.81"]
[White "Kitze, Alexander"]
[Black "Goumas, Georgios"]
[Result "0-1"]
[WhiteElo "2250"]
[BlackElo "2386"]
[Annotator "NA"]
[PlyCount "56"]
[EventDate "2019.04.18"]
[EventType "swiss"]
[EventCountry "GER"]
[SourceTitle "playchess.com"]
[Source "ChessBase"]
[SourceQuality "1"]

1. Nf3 d5 2. g3 Nc6 3. d4 Bg4 4. Bg2 Qd7 5. O-O O-O-O 6. Re1 h5 7. c3 e5 8. dxe5 f6 9. b4 Nxe5 10. Bf4 Nc4 11. Nbd2 g5 12. Nxc4 gxf4 13. Na5 fxg3 14. hxg3 h4 15. Qd4 Kb8 16. Nxh4 Bh3 17. b5 Bxg2 18. Kxg2 Ne7 19. Qxf6 Rg8 20. Rab1 Bg7 21. Qf3 b6 22. Nb3 Rdf8 23. Qd3 Bf6 24. Nf3 Ng6 25. e3 Ne5 26. Nxe5 Bxe5 27. Nd4 Bxg3 28. fxg3 Rxg3+ 0-1

[Event "4th GRENKE Open 2019"]
[Site "Karlsruhe"]
[Date "2019.04.21"]
[Round "7.82"]
[White "Yuksel, Atilla Koksal"]
[Black "Kosakowski, Jakub"]
[Result "1/2-1/2"]
[WhiteElo "2248"]
[BlackElo "2381"]
[Annotator "NA"]
[PlyCount "127"]
[EventDate "2019.04.18"]
[EventType "swiss"]
[EventCountry "GER"]
[SourceTitle "playchess.com"]
[Source "ChessBase"]
[SourceQuality "1"]

1. e4 e5 2. d4 exd4 3. Qxd4 Nc6 4. Qe3 Nf6 5. Nc3 Bb4 6. Bd2 O-O 7. O-O-O Re8 8. Qg3 Nxe4 9. Nxe4 Rxe4 10. c3 Be7 11. Bd3 Bh4 12. Qf3 Re8 13. Bc2 Ne5 14. Qe4 Ng6 15. Qd3 d6 16. g3 Bf6 17. h4 Bd7 18. Nf3 Bc6 19. Rhe1 Qd7 20. Bg5 Qg4 21. Nd4 Bxd4 22. Qxd4 Qxd4 23. Rxe8+ Rxe8 24. Rxd4 Ne5 25. Be3 Nd7 26. a4 Nf6 27. Bd1 a6 28. b3 Ne4 29. Rd3 Bd7 30. Bf3 Bf5 31. Bxe4 Bxe4 32. Rd1 f6 33. Re1 Bc6 34. Bd2 Rc8 35. Kc2 Kf7 36. Kd3 Bd7 37. c4 Be6 38. Kc3 c5 39. Bf4 d5 40. cxd5 Bxd5 41. Bd6 Be6 42. Rd1 a5 43. Rd2 Rc6 44. Rd1 Rb6 45. Bxc5 Rxb3+ 46. Kc2 b5 47. Rd7+ Kg6 48. h5+ Kxh5 49. Rxg7 bxa4 50. Rxh7+ Kg6 51. Ra7 Rb5 52. Ba3 Bf5+ 53. Kd2 Rd5+ 54. Kc1 Bd3 55. Rc7 Rb5 56. Rc3 Bf5 57. Bb2 Be4 58. Rc4 f5 59. g4 Kg5 60. gxf5 Bxf5 61. Ba3 Rb1+ 62. Kd2 Bd7 63. Rc5+ Kf4 64. Rxa5 1/2-1/2

[Event "4th GRENKE Open 2019"]
[Site "Karlsruhe"]
[Date "2019.04.21"]
[Round "7.83"]
[White "Gschnitzer, Adrian"]
[Black "Bethke, Richard"]
[Result "1/2-1/2"]
[WhiteElo "2380"]
[BlackElo "2244"]
[Annotator "NA"]
[PlyCount "63"]
[EventDate "2019.04.18"]
[EventType "swiss"]
[EventCountry "GER"]
[SourceTitle "playchess.com"]
[Source "ChessBase"]
[SourceQuality "1"]

1. c4 e6 2. Nc3 Nf6 3. e4 d5 4. e5 d4 5. exf6 dxc3 6. bxc3 Qxf6 7. d4 b6 8. Be2 Bb7 9. Bf3 Bxf3 10. Nxf3 Bd6 11. Qa4+ c6 12. O-O O-O 13. Rb1 Qf5 14. Be3 Bc7 15. Rfd1 Rc8 16. Kh1 Bd8 17. d5 exd5 18. cxd5 Bf6 19. Bxb6 cxd5 20. Bd4 Nc6 21. Bxf6 Qxf6 22. Rxd5 Qxc3 23. Rbd1 h6 24. h3 Qb4 25. Qa6 Qb6 26. Qe2 Rd8 27. Ne5 Rxd5 28. Rxd5 Rd8 29. Rxd8+ Qxd8 30. Nxf7 Qf6 31. Qe4 a5 32. a4 1/2-1/2